00625nam a2200193Ia 4500008004100000020001800041082001700059100004300076245002900119250000900148260004200157300002300199500001900222600001500241650001500256942000700271952013600278999001700414240925s9999 xx 000 0 und d a9789332574168 a658.3005 MON aMondy, R. Wayne; Martocchio, Joseph J. 0aHuman Reource Management a14th aNew Delhi:bPearson Educationc,2016. a443p.b0fOriginal aIncludes Index aManagement aManagement cBK 001040708MANaUITUbUITUd2019-01-19eAllied Book Companyg1144.00l0o658.3005 MONpQ13668r2024-09-25 07:16:56w2024-09-25yBK c16167d16167